Using Turbo Pascal / (Record no. 175167)
[ view plain ]
| 000 -LEADER | |
|---|---|
| fixed length control field | 01201 a2200193 4500 |
| 003 - CONTROL NUMBER IDENTIFIER | |
| control field | Nust |
| 005 - DATE AND TIME OF LATEST TRANSACTION | |
| control field | 20220818100522.0 |
| 010 ## - LIBRARY OF CONGRESS CONTROL NUMBER | |
| LC control number | 88062185 |
| 020 ## - INTERNATIONAL STANDARD BOOK NUMBER | |
| International Standard Book Number | 0880223960: |
| 040 ## - CATALOGING SOURCE | |
| Transcribing agency | Nust |
| 082 00 - DEWEY DECIMAL CLASSIFICATION NUMBER | |
| Classification number | 005.262,YES |
| 100 1# - MAIN ENTRY--PERSONAL NAME | |
| Personal name | Yester, Michael. |
| 9 (RLIN) | 97919 |
| 245 10 - TITLE STATEMENT | |
| Title | Using Turbo Pascal / |
| Statement of responsibility, etc. | Michael Yester. |
| 260 ## - PUBLICATION, DISTRIBUTION, ETC. | |
| Place of publication, distribution, etc. | Carmel, IN : |
| Name of publisher, distributor, etc. | Que Corp., |
| Date of publication, distribution, etc. | c1989. |
| 300 ## - PHYSICAL DESCRIPTION | |
| Extent | xxii, 724 p. : |
| Other physical details | ill. ; |
| Dimensions | 24 cm. |
| 505 ## - FORMATTED CONTENTS NOTE | |
| Formatted contents note | Getting statrted with turbo pascal (Page-7), The structure of a turbo pascal program (Page-31), Data and data types (Page-57), Expressions operands (Page-97), Procedures and functions (Page-97), Dynamic data structures (Page-133), Units (Page-168), Debugging your programs (Page-195), Keyboard input (Page-219), Text display (Page-249), Graphics display (Page-277), Accessing DOS (Page-353), File handling (Page-383), Directory handling (Page-429), Overlays (Page-459), BIOS, DOS, Assembly Language (Page-477), The 808 and External devices (Page-509), Interrupt service routines (Page-541), Memory-Resident Programs (Page-557), Object Oriented Programming (Page-573). |
| 650 #0 - SUBJECT ADDED ENTRY--TOPICAL TERM | |
| Topical term or geographic name entry element | Pascal (Computer program language) |
| 9 (RLIN) | 14014 |
| 942 ## - ADDED ENTRY ELEMENTS (KOHA) | |
| Koha item type | Reference |
| Source of classification or shelving scheme | |
| Call number prefix | 005.262,YES |
| Withdrawn status | Lost status | Source of classification or shelving scheme | Damaged status | Not for loan | Permanent Location | Current Location | Shelving location | Date acquired | Full call number | Barcode | Date last seen | Price effective from | Koha item type | Public note |
|---|---|---|---|---|---|---|---|---|---|---|---|---|---|---|
| Military College of Signals (MCS) | Military College of Signals (MCS) | General Stacks | 12/12/2016 | 005.262,YES | MCS322 | 12/08/2016 | 12/12/2016 | Book | Almirah No.5, Shelf No.4 |
